000 00608nam a2200253Ia 4500
005 20260121153732.0
008 008 260114s9999 xx 000 0 eng d
020 _a9780203433362
037 _aEBOOK
040 _aCRL
040 _beng
040 _cCRL
041 _2eng
041 _aeng
084 _qCRL
100 _aTimothy K. Beal; David Gunn
_9998479
245 0 _aReading Bibles, Writing Bodies
260 _bTaylor and Francis
260 _c1997
856 _uhttp://www.taylorfrancis.com/books/9780203433362
942 _cEBOOK
999 _c1565299
_d1565299